| 000 | 00549nam a22001697a 4500 | ||
|---|---|---|---|
| 999 |
_c16857 _d16857 |
||
| 008 | 220419b ||||| |||| 00| 0 eng d | ||
| 020 | _a9781260571226 | ||
| 082 |
_22021 _aDC 576.5 _bB790 |
||
| 100 |
_aBrooker, Robert J., author _911334 |
||
| 245 |
_aGenetics: _banalysis and principles/ _cRobert J. Brooker |
||
| 250 | _aSeventh edition | ||
| 260 |
_aNew York, NY: _bMc Graw Hill, _c2021. |
||
| 300 |
_aiii, 863 pages: _billustrations; _c27 cm. |
||
| 500 | _aIncludes appendices, glossary and index. | ||
| 650 |
_aGenetics _945039 |
||
| 942 |
_2ddc _cDC |
||